Advanced introduction to international trade law (Record no. 1987)

000 -LEADER
fixed length control field 00726nam a22002297a 4500
003 - CONTROL NUMBER IDENTIFIER
control field OSt
005 - DATE AND TIME OF LATEST TRANSACTION
control field 20151106121111.0
008 - FIXED-LENGTH DATA ELEMENTS--GENERAL INFORMATION
fixed length control field 151106b xxu||||| |||| 00| 0 eng d
020 ## - INTERNATIONAL STANDARD BOOK NUMBER
International Standard Book Number 9781783471591
050 ## - LIBRARY OF CONGRESS CALL NUMBER
Classification number K3943 .T74 2015
100 ## - MAIN ENTRY--PERSONAL NAME
Personal name Trebilcock, M. J.
245 ## - TITLE STATEMENT
Title Advanced introduction to international trade law
Statement of responsibility, etc Michael J. Trebilcock,
260 ## - PUBLICATION, DISTRIBUTION, ETC. (IMPRINT)
Place of publication, distribution, etc Cheltenham, UK
Name of publisher, distributor, etc Edward Elgar Publishing
Date of publication, distribution, etc 2015
300 ## - PHYSICAL DESCRIPTION
Extent x, 215 pages
Dimensions 22cm
440 ## - SERIES STATEMENT/ADDED ENTRY--TITLE
Title Elgar advanced introductions.
504 ## - BIBLIOGRAPHY, ETC. NOTE
Bibliography, etc Includes bibliographical references and index.
630 ## - SUBJECT ADDED ENTRY--UNIFORM TITLE
Language of a work Understanding trade law
650 ## - SUBJECT ADDED ENTRY--TOPICAL TERM
Topical term or geographic name as entry element Foreign trade regulation.
650 ## - SUBJECT ADDED ENTRY--TOPICAL TERM
Topical term or geographic name as entry element International economic relations.
650 ## - SUBJECT ADDED ENTRY--TOPICAL TERM
Topical term or geographic name as entry element Free trade.
942 ## - ADDED ENTRY ELEMENTS (KOHA)
Source of classification or shelving scheme
Koha item type Book
Holdings
Withdrawn status Lost status Source of classification or shelving scheme Damaged status Not for loan Home library Current library Shelving location Date acquired Total Checkouts Total Renewals Full call number Barcode Date last seen Date checked out Copy number Price effective from Koha item type
          Riara University Library Riara University Library General stack 06/11/2015 11 3 K3943 .T74 2015 6655/15 29/04/2024 02/04/2024 C.1 06/11/2015 Book
          Riara University Library Riara University Library General stack 06/11/2015 20 4 K3943 .T74 2015 6656/15 10/04/2025 07/04/2025 C.2 06/11/2015 Book

Riara University Library,
P.O. Box 49940-00100,
Nairobi, Kenya.